| 000 | 01309nam a2200385 i 4500 | ||
|---|---|---|---|
| 001 | 16840 | ||
| 003 | KOSZ 005 | ||
| 005 | 20210924143444.0 | ||
| 008 | 040519s1976 pl a |001 0 pol | ||
| 015 | _aPB 1976/3355 | ||
| 035 | _a(OCoLC)749231340 | ||
| 040 |
_aWA N _cWAN _dKOSZ 005/HR |
||
| 041 | 0 | _apol | |
| 046 | _k1976 | ||
| 080 | _a62-044.382 | ||
| 100 | 1 |
_aWrotkowski, Jerzy _eAutor |
|
| 245 | 1 | 0 |
_aRemont maszyn : _bdemontaż, naprawa elementów, montaż / _cJerzy Wrotkowski, Bolesław Paszkowski, Jan Wojdak. |
| 260 |
_aWarszawa : _bWydawnictwa Naukowo-Techniczne, _c1976. |
||
| 300 |
_a427, [1] s. : _bil., tab., wykr. ; _c21 cm. |
||
| 336 |
_2rdacontent _aTekst _btxt |
||
| 337 |
_2rdacarrier _aBez urządzenia pośredniczącego _bn |
||
| 338 |
_2rdacarrier _aWolumin _bnc |
||
| 380 | _aKsiążki | ||
| 388 | _a1901-2000 | ||
| 388 | _a1945-1989 | ||
| 504 | _aBibliogr. s. 407-408. Indeks. | ||
| 650 | 4 | _aMaszyny | |
| 650 | 4 | _aRemont | |
| 658 | _aInżynieria i technika | ||
| 700 | 1 |
_aPaszkowski, Bolesław. _eAutor |
|
| 700 | 1 |
_aWojdak, Jan _eAutor |
|
| 710 | 2 |
_aWydawnictwa Naukowo-Techniczne _4pbl. |
|
| 856 |
_uhttp://koha.tu.koszalin.pl/cgi-bin/koha/opac-detail.pl?biblionumber=16840 _yKatalog online BPK |
||
| 942 |
_2UKD _cKS |
||
| 999 |
_c16840 _d16840 |
||